Colección de poesías en dialecto asturiano : (Registro nro. 184687)
[ vista simple ]
| 000 -LEADER | |
|---|---|
| campo de control de longitud fija | 00817nam a2200169 i 4500 |
| 001 - NÚMERO DE CONTROL | |
| campo de control | 184687 |
| 003 - IDENTIFICADOR DE NÚMERO DE CONTROL | |
| campo de control | ES-MaACL |
| 005 - FECHA Y HORA DE LA ÚLTIMA TRANSACCIÓN | |
| campo de control | 20230906222243.0 |
| 008 - DATOS DE LONGITUD FIJA--INFORMACIÓN GENERAL | |
| campo de control de longitud fija | 151113s1839 sp |||| | spa d |
| 080 ## - NÚMERO DE LA CLASIFICACIÓN DECIMAL UNIVERSAL | |
| Número de la Clasificación Decimal Universal | 821.134.2'282(460.12)-14(082.2) |
| 245 00 - MENCIÓN DEL TÍTULO | |
| Título | Colección de poesías en dialecto asturiano : |
| Resto del título | comprende las más selectas de D. Antonio González Reguera, Don Francisco Bernaldo de Quirós y Benavides, Don Antonio Balvidares, Don Bruno Fernandez y Doña Josefa Jovellanos, con otras varias de autores desconocidos. |
| 260 ## - PUBLICACIÓN, DISTRIBUCIÓN, ETC. | |
| Lugar de publicación, distribución, etc. | [S.l. : |
| Nombre del editor, distribuidor, etc. | [s.n.], |
| Fecha de publicación, distribución, etc. | 1839 ( |
| Lugar de fabricación/manufactura | Oviedo : |
| Fabricante | imp. de Benito González y Compañía) |
| 300 ## - DESCRIPCIÓN FÍSICA | |
| Extensión | IX, 276 p. ; |
| Dimensiones | 21 cm. |
| 546 ## - NOTA DE IDIOMA | |
| Nota de lengua/lenguaje | Texto en bable; introducción en castellano. |
| 650 #4 - PUNTO DE ACCESO ADICIONAL DE MATERIA--TÉRMINO DE MATERIA | |
| Término de materia o nombre geográfico como elemento de entrada | Poesías españolas- |
| Subdivisión geográfica | Asturias (Comunidad Autónoma) |
| 9 (RLIN) | 158127 |
| 852 ## - LOCALIZACIÓN | |
| Ubicación | ES-MaACL |
| Número de control de estantería | G-14028 |
| Estatus retirado | Estado de pérdida | Estado de daño | No para préstamo | Colección | Biblioteca de origen | Biblioteca actual | Ubicación en estantería | Fecha de adquisición | Fuente de adquisición | Total de préstamos | Signatura topográfica completa | Código de barras | Visto por última vez | Precio de reemplazo | Tipo de ítem Koha |
|---|---|---|---|---|---|---|---|---|---|---|---|---|---|---|---|
| Libros del s. XIX | Biblioteca del Ateneo de Madrid | Biblioteca del Ateneo de Madrid | Sala Pecera Planta 3 | 13/11/2015 | G-14028 | 1194456 | 23/02/2023 | 23/02/2023 | Libro impreso antiguo |
